Normal view
MARC view
- Urdu literature
Entry Topical Term
001 - CONTROL NUMBER
- control field: 110032
003 - CONTROL NUMBER IDENTIFIER
- control field: NUST
005 - DATE AND TIME OF LATEST TRANSACTION
- control field: 20230308185528.0
008 - FIXED-LENGTH DATA ELEMENTS
- fixed length control field: 230308|| aca||aabn | a|a d
040 ## - CATALOGING SOURCE
- Original cataloging agency: NUST
- Transcribing agency: NUST
150 ## - HEADING--TOPICAL TERM
- Topical term or geographic name entry element: Urdu literature
- General subdivision: Urdu Novel
670 ## - SOURCE DATA FOUND
- Source citation: Work cat.: (NUST)591643: Ahmed, Nemrah 99746, Beli Rajputan Ki Malika / بیلی راجپوتاں کی ملکہ (Urdu) /, 2019
